00492nam a2200205Ia 4500008004100000020001800041050001400059100002200073245003600095245002500131260001500156260001600171260000900187300001600196300002600212300001000238300002300248440000700271500000800278170918s9999 xx 000 0 und d a9780545021326 bS857 2006 aStilton, Geronimo aValley of the giant skeletons / cby Geronimo Stilton. aNew York : bScholastic, c2006 a110 pages : bcolor illustrations ; c19cm. eGeronimo Stilton ; a32 a600